Door Stuck Quiz - Statistics

General Stats
  • This quiz has been taken 16 times
  • The average score is 27 of 62
Answer Stats
Answer % Correct
door
100%
DOOR
100%
DOOR
100%
stuck
100%
STUCK
100%
STUCK
100%
I
93%
i
93%
I
93%
A
79%
you
79%
YOU
79%
The
64%
the
64%
can
57%
can
57%
man
57%
man
57%
be
50%
Can't
50%
can't
50%
DICK
50%
GENUINE
50%
it
50%
it
50%
make
50%
make
50%
SUCKER
50%
suicide-wrist
50%
your
50%
your
50%
Interior
43%
BEG
36%
eggs
36%
fish
36%
like
36%
like
36%
PLEASE
36%
YOU'RE
36%
on
29%
through
29%
Cheat
21%
exterior
21%
WE'RE
21%
AHHH
14%
DEAD
14%
ed
14%
homie
14%
phys
14%
red
14%
shits
14%
sneak
14%
to
14%
tried
14%
exercise
7%
MY
7%
phantom
7%
SON
7%
this
7%
this
7%
OUTTA
0%
OWN
0%
No matching quizzes found
Score Distribution
Percent of People with Each Score
Percentile by Number Answered
Your Score History
You have not taken this quiz